01268nam a2200313 i 4500001001000000003000900010005001700019007000300036008004100039040003000080041000800110082001900118100004400137245008600181264007500267300002700342336002700369337003300396338002800429500006300457500007300520504003500593650006300628700004300691710006100734942001400795952013000809999001500939000002470DO-SdBNP20250716141326.0ta090702s1983 dr r 000 0 spa d aDO-SdBNPbspacBNPHUerda aspa 4a121bS718s2221 aSoto, Nolberto Luis,eautor4aut.9778910aSiete ensayos epistemológicos / bNolberto Luis Soto ; prólogo, Yoryi Valdez. 1aSanto Domingo :bBiblioteca Nacional Pedro Henríquez Ureña,c1983. a170 páginas ;b20cm. atextobtxt2rdacontent asin mediaciónbn2rdamedia avolumenbnc2rdacarrier aIncluye datos biográficos del autor en la contracubierta aIncluye referencias bibliográficas y notas al pie de las páginas aBibliografía : páginas 167 4aTeoria del conocimientoxEnsayos, conferencias, etc.917271 aValdez, Yoryi,eprologuista4pr.977902 aBiblioteca Nacional de la República Dominicana.981291 2ddccLBS1 00102ddc51708PDaBNPHUbBNPHUcCTd2009-07-02l0oBNPHU PD 121 S718sp2470-10r2020-06-25w2020-06-25yLBS1ZNo se presta c2306d2306